| 000 | 00551nam a2200169 4500 | ||
|---|---|---|---|
| 001 | 143828 | ||
| 003 | ES-MaACL | ||
| 005 | 20230906200902.0 | ||
| 007 | t| | ||
| 008 | 070214s1959 sp r ||||1| spa d | ||
| 100 | 1 |
_aSheppard, Lancelot C. _9106092 |
|
| 245 | 1 | 0 |
_aRetrato de un párroco _b: la vida de San Juan María Bautista Vianney / _cLancelot C. Sheppard ; traducción de Juan Godo Costa. |
| 260 |
_aBarcelona : _bHerder, _c1959. |
||
| 300 |
_a268 p. ; _c24 cm. |
||
| 700 | 1 |
_aGodo Costa, Juan. _957532 |
|
| 852 |
_aES-MaACL _jC-18169 _bR.46515 |
||
| 999 |
_c143828 _d143828 |
||